[Event "IRI-ch U12"]
[Site "Chess.com INT"]
[Date "2021.01.16"]
[Round "11"]
[White "Hosseinzadeh, Amir Ali"]
[Black "Mohammadyansichani, Arshia"]
[Result "0-1"]
[WhiteElo "1652"]
[BlackElo "1782"]
[PlyCount "98"]
[EventDate "2021.01.16"]
[EventType "swiss"]
[EventRounds "11"]
[EventCountry "IRI"]
[SourceTitle "EXT 2022"]
[Source "ChessBase"]
[SourceDate "2021.10.06"]
[SourceVersion "1"]
[SourceVersionDate "2021.10.06"]
[SourceQuality "1"]

1. e4 e6 2. d4 d5 3. Nd2 Nf6 4. e5 Nfd7 5. f4 c5 6. c3 Nc6 7. Ndf3 Qa5 8. Kf2 Qb6 9. g3 Be7 10. Kg2 f6 11. Bd3 cxd4 12. cxd4 fxe5 13. fxe5 0-0 14. Ne2 Kh8 15. Rf1 Qd8 16. a3 Nb6 17. b3 g6 18. Bh6 Rf7 19. Qd2 Bd7 20. Ng5 Rxf1 21. Rxf1 Bxg5 22. Bxg5 Qe8 23. Bf6+ Kg8 24. Qh6 Qf8 25. Qh4 Qe8 26. Bg5 a5 27. Bh6 Qe7 28. Bg5 Qe8 29. Bf6 a4 30. b4 Nc4 31. Bxc4 dxc4 32. Nf4 Nxd4 33. Nxg6 Bc6+ 34. Kh3 Qxg6 35. Qxd4 Qh5+ 36. Bh4 Bd5 37. g4 Qg6 38. Qf4 Qd3+ 39. Bg3 Qg6 40. Rf2 Rc8 41. Bh4 c3 42. Bg5 c2 43. Qc1 Qd3+ 44. Kh4 Rc3 45. Bd2 Qh3+ 46. Kg5 Rc7 47. Rf6 Rg7+ 48. Rg6 Rxg6+ 49. Kf4 Qf3# 0-1

[Event "IRI-ch U12"]
[Site "Chess.com INT"]
[Date "2021.01.16"]
[Round "2"]
[White "Selahi, Kian"]
[Black "Hosseinzadeh, Amir Ali"]
[Result "0-1"]
[WhiteElo "1134"]
[BlackElo "1652"]
[PlyCount "58"]
[EventDate "2021.01.16"]
[EventType "swiss"]
[EventRounds "11"]
[EventCountry "IRI"]
[SourceTitle "EXT 2022"]
[Source "ChessBase"]
[SourceDate "2021.10.06"]
[SourceVersion "1"]
[SourceVersionDate "2021.10.06"]
[SourceQuality "1"]

1. e4 e6 2. d4 d5 3. exd5 exd5 4. Nc3 Nf6 5. Bf4 c6 6. Nf3 Be7 7. Bd3 0-0 8. 0-0 Nbd7 9. Re1 Re8 10. Ne5 Nf8 11. a3 Ne6 12. Bg3 Bd6 13. Qd2 Qc7 14. b3 h6 15. b4 a5 16. b5 Nxd4 17. Bh7+ Kxh7 18. Qxd4 Bf5 19. Nd3 Bxg3 20. fxg3 Qd6 21. Rxe8 Rxe8 22. bxc6 bxc6 23. Qa7 Bxd3 24. cxd3 Qe5 25. Qxa5 Qe3+ 26. Kf1 Qxd3+ 27. Kg1 Qe3+ 28. Kf1 Ng4 29. Ra2 Nxh2# 0-1